The digital turn in architecture 1992-2010 : (Record no. 353616)
[ view plain ]
| 000 -LEADER | |
|---|---|
| fixed length control field | 01374nam a2200241 a 4500 |
| 001 - CONTROL NUMBER | |
| control field | ASIN1119951747 |
| 003 - CONTROL NUMBER IDENTIFIER | |
| control field | OSt |
| 005 - DATE AND TIME OF LATEST TRANSACTION | |
| control field | 20180116192413.0 |
| 008 - FIXED-LENGTH DATA ELEMENTS--GENERAL INFORMATION | |
| fixed length control field | 130128s2012 xxu eng d |
| 020 ## - INTERNATIONAL STANDARD BOOK NUMBER | |
| International Standard Book Number | 1119951747 (paperback) |
| Terms of availability | $50.00 |
| 020 ## - INTERNATIONAL STANDARD BOOK NUMBER | |
| International Standard Book Number | 9781119951742 (paperback) |
| 040 ## - CATALOGING SOURCE | |
| Transcribing agency | 0 |
| 082 ## - DEWEY DECIMAL CLASSIFICATION NUMBER | |
| Classification number | 720.285 |
| 245 04 - TITLE STATEMENT | |
| Title | The digital turn in architecture 1992-2010 : |
| Statement of responsibility, etc. | edited by Mario Carpo. |
| 260 ## - PUBLICATION, DISTRIBUTION, ETC. | |
| Place of publication, distribution, etc. | London : |
| Name of publisher, distributor, etc. | Wiley, |
| Date of publication, distribution, etc. | 2013. |
| 300 ## - PHYSICAL DESCRIPTION | |
| Extent | 264 p. ; |
| Dimensions | 25 cm. |
| 520 ## - SUMMARY, ETC. | |
| Summary, etc. | The digital turn in architecture has gone through several stages and phases, and Architectural Design ( AD ) has captured them all. This anthology of AD 's most salient articles is chronologically and thematically arranged to provide a complete historical timeline of the rise to pre-eminence of computer-based design and production. A much-needed pedagogical and research tool, this synopsis also relates the present state of digitality in architecture to the history and theory of its recent development and trends. Architectural students, scholars, and practicing architects will find this book an invaluable reference. |
| 650 ## - SUBJECT ADDED ENTRY--TOPICAL TERM | |
| Topical term or geographic name entry element | Architectural design |
| General subdivision | Data processing |
| 9 (RLIN) | 6206 |
| 650 ## - SUBJECT ADDED ENTRY--TOPICAL TERM | |
| Topical term or geographic name entry element | Architecture |
| General subdivision | Data processing |
| 9 (RLIN) | 6207 |
| 700 1# - ADDED ENTRY--PERSONAL NAME | |
| Personal name | Carpo, Mario. |
| 9 (RLIN) | 6208 |
| 856 40 - ELECTRONIC LOCATION AND ACCESS | |
| Materials specified | Amazon.com |
| Uniform Resource Identifier | <a href="http://www.amazon.com/exec/obidos/ASIN/1119951747/chopaconline-20">http://www.amazon.com/exec/obidos/ASIN/1119951747/chopaconline-20</a> |
| 942 ## - ADDED ENTRY ELEMENTS (KOHA) | |
| Source of classification or shelving scheme | |
| Koha item type | Book |
| Withdrawn status | Lost status | Source of classification or shelving scheme | Damaged status | Not for loan | Permanent Location | Current Location | Date acquired | Source of acquisition | Cost, normal purchase price | Total Checkouts | Full call number | Barcode | Date last seen | Date last checked out | Copy number | Cost, replacement price | Price effective from | Koha item type |
|---|---|---|---|---|---|---|---|---|---|---|---|---|---|---|---|---|---|---|
| School of Art Design and Architecture (SADA) | School of Art Design and Architecture (SADA) | 01/10/2013 | Progressive Internal, Purchase PC-1 | 3689.00 | 1 | 720.285 DIG 2013 | SADA0001919 | 10/26/2015 | 10/08/2015 | 1 | 3689.00 | 01/28/2013 | Book |
